Escravidado e invencao da liberdade : estudos sobre o negro no Brasil /
Gespeichert in:
| Weitere Verfasser: | , |
|---|---|
| Format: | Unbekannt |
| Sprache: | Portuguese |
| Veröffentlicht: |
Sao Paulo, Brasil:
Brasiliense,
1988.
|
| Schlagworte: | |
| Tags: |
Tag hinzufügen
Keine Tags, Fügen Sie den ersten Tag hinzu!
|
MARC
| LEADER | 000000000a22000000004500 | ||
|---|---|---|---|
| 001 | 001450 | ||
| 008 | 170713s1988 bl ||||| |||| 00| 0 por d | ||
| 020 | |a 85-11-13084-5 | ||
| 041 | 0 | |a portugués | |
| 082 | |a 981.42 |b E74e | ||
| 245 | 1 | 0 | |a Escravidado e invencao da liberdade : |b estudos sobre o negro no Brasil / |c Joao José Reis, organizador, Holanda Cavalcanti, fotográfo |
| 260 | |a Sao Paulo, Brasil: |b Brasiliense, |c 1988. | ||
| 300 | |a 323 páginas, [8] páginas de láminas | ||
| 500 | |a Número de inscripción 7081 | ||
| 650 | 4 | |a ESCLAVITUD | |
| 650 | 4 | |a NEGROS |x USOS Y COSTUMBRES |x CONDICIONES SOCIALES | |
| 700 | 1 | 2 | |a Reis, Joao José, |e organizador |
| 700 | 1 | 2 | |a Cavalcanti, Holanda, |e fotográfo |
| 942 | |2 ddc |c BK | ||
| 999 | |c 2444 |d 2444 | ||



